El impuesto adicional a la renta, sus diversos tipos

Guardat en:
Dades bibliogràfiques
Autor principal: Piedrabuena Richard, Enrique (Autor)
Format: Llibre
Idioma:espanyol
Publicat: Santiago Jurídica de Chile 1970
Matèries:
Etiquetes: Afegir etiqueta
Sense etiquetes, Sigues el primer a etiquetar aquest registre!

MARC

LEADER 00000nam a2200000 a 4500
001 UCS0268
003 CL-VaPUC
008 970418e19700000CL |||||||||||||||||spa|d
082 0 4 |a 343.052  |b PIE  |2 21 
100 0 |a Piedrabuena Richard, Enrique  |e author  |9 383523 
245 1 3 |a El impuesto adicional a la renta, sus diversos tipos 
300 |a 110 p 
942 |c BK 
945 |d 19970418 00:00:00  |a paguirre 
260 |a Santiago  |b Jurídica de Chile  |c 1970 
650 0 |a Derecho tributario  |9 258895 
650 0 |a Impuestos  |9 255450 
650 0 |a Impuesto a la renta  |9 258171 
650 7 |a DETERMINACION DEL IMPUESTO  |2 CL-VaPUC  |9 383524 
650 7 |a SISTEMA TRIBUTARIO  |2 CL-VaPUC  |9 383525 
583 |a last modification  |c 19970418 00:00:00  |k Rodrigo Vera 
999 |c 258507  |d 258505 
952 |0 0  |1 0  |4 0  |6 343_052000000000000_PIE_1970  |7 0  |8 A  |9 282672  |a BIBDER  |b BIBDER  |d 2019-11-19  |i 1833057  |o 343.052 PIE 1970  |p 1833057  |r 2023-01-25  |w 2019-11-19  |y BK  |k DER